| 000 | 00396pam a2200157 a 4500 | ||
|---|---|---|---|
| 020 |
_a0-07-y85740-7 _c |
||
| 040 | _aALGP_623003 | ||
| 041 | _aENG | ||
| 082 |
_a515.33 _bSNE |
||
| 100 |
_aSneddon, Ian _eAuthor |
||
| 245 |
_aElements of Partial Differential Equations _hPaper |
||
| 260 |
_aLondon _bMcGraw Hill Book Company _c1986 |
||
| 300 | _a327p. | ||
| 500 | _aCentral Library | ||
| 930 | _a9713 | ||
| 999 |
_c86618 _d86618 |
||